[Event "Montebelluna Elite 2020"]
[Site "Montebelluna"]
[Date "2020.01.03"]
[Round "1.9"]
[White "Barseghyan, Harutyun"]
[Black "Loiacono, Antonio"]
[Result "1-0"]
[WhiteElo "2459"]
[BlackElo "2295"]
[Annotator "TA"]
[PlyCount "87"]
[EventDate "2020.01.02"]
[EventType "swiss"]
[EventCountry "ITA"]
[SourceTitle "playchess.com"]
[Source "ChessBase"]
[SourceQuality "1"]

{[%evp 16,111,51,52,47,0,0,0,124,124,120,120,189,187,177,195,193,208,194,221,220,228,219,215,216,206,222,212,217,227,202,222,238,235,212,212,240,239,234,236,202,179,299,308,347,332,315,295,542,513,476,455,639,621,1137,1250,1185,1176,1176,1160,1132,1097,1049,1013,952,883,29969,29970,29970,29971,29968,29969,29966,8,8,8,8,8,29973,0,8,0,29973,29974,29974,29974,29980,29981,29981,29982,29982,29983,29983,29984,29984,29985,29985,29984]} 1. d4 d5 2. Nf3 Nf6 3. Bf4 c6 4. e3 Bf5 5. c4 e6 6. Nc3 Qb6 7. Qb3 Nbd7 8. c5 Qxb3 9. axb3 Nh5 {D02: 1 d4 d5 2 Nf3 sidelines, including 2...Nf6 3 g3 and 2...Nf6 3 Bf4} (9... a6 10. b4 Rc8 11. h3 Be7 12. Nd2 O-O 13. Nb3 Bd8 14. Bd6 Re8 15. g4 Bc2 16. Na5 Bxa5 17. bxa5 {1-0 (30) Nabaty,T (2658)-Alterman,B (2603) Israel 2018}) 10. b4 Nxf4 11. exf4 b5 (11... Be7 $11 {keeps the balance.}) 12. Ra6 $16 Nb8 13. Rxc6 {[%mdl 64] And now Rc7 would win. Remove Defender} Nxc6 (13... Kd8 $16 {is a better defense.} 14. Bxb5 a6) 14. Bxb5 $18 Rc8 $146 {Strongly threatening ...f6.} ({Predecessor:} 14... Rb8 15. Bxc6+ Ke7 16. b5 f6 17. Kd2 {1-0 (29) Munkhgal,G (2452)-Chipanga,C (2153) Batumi 2018}) 15. Ne5 f6 16. Nxc6 ({Resist} 16. Bxc6+ Ke7 $16) 16... Kf7 17. Nxa7 Ra8 18. Nc6 Ra1+ 19. Nd1 g5 20. fxg5 fxg5 21. Kd2 Bg7 22. Bd3 Bxd3 23. Kxd3 Ke8 24. b5 Kd7 25. f3 Rha8 {[#]} 26. Nf2 $1 Rxh1 27. Nxh1 {[%mdl 4096] Endgame KRB-KNN} Ra1 28. Nf2 Rg1 (28... h5 $142) 29. g4 Rg2 30. Ke3 Rxh2 31. b4 h5 $2 (31... Bf6 {was worth a try.} 32. Nd3 Ra2) 32. gxh5 Rxh5 33. Nd3 Rh1 (33... g4 $142 34. fxg4 Rh3+ 35. Ke2 Rh2+ 36. Kf3 Rh3+ 37. Ke2 Rh2+ 38. Kf1 Rh1+ 39. Kg2 Ra1 40. Nde5+ Kc8) 34. Nce5+ Bxe5 35. Nxe5+ {KR-KN} Kc8 36. b6 Rb1 37. c6 Rxb4 38. b7+ Kc7 39. Nd7 Rb3+ 40. Kd2 Kxc6 41. b8=Q Rxb8 42. Nxb8+ {KN-K3P} Kd6 43. Ke3 e5 44. Na6 {Played: d4xe5} 1-0

[Event "Montebelluna Elite 2020"]
[Site "Montebelluna"]
[Date "2020.01.03"]
[Round "1.10"]
[White "Ozenir, Ekin Baris"]
[Black "Dardha, Daniel"]
[Result "1-0"]
[WhiteElo "2285"]
[BlackElo "2458"]
[Annotator "TA"]
[PlyCount "93"]
[EventDate "2020.01.02"]
[EventType "swiss"]
[EventCountry "ITA"]
[SourceTitle "playchess.com"]
[Source "ChessBase"]
[SourceQuality "1"]

{[%evp 22,93,63,64,62,58,59,35,30,42,29,20,19,5,10,0,0,0,0,0,19,26,100,0,0,0,0,0,0,0,0,0,35,16,61,71,84,58,58,70,93,102,94,22,172,75,220,179,555,539,511,506,489,489,439,148,148,145,143,128,125,88,98,0,627,627,627,616,612,575,594,606,741,723]} 1. d4 Nf6 2. c4 c5 3. d5 e6 4. Nc3 exd5 5. cxd5 d6 6. e4 g6 7. h3 Bg7 8. Nf3 O-O 9. Bd3 a6 10. a4 Nbd7 11. O-O Qe7 12. Re1 Ne5 {A70: Modern Benoni: 6 e4 g6 7 Nf3} (12... Nh5 13. Bg5 Bf6 14. Be3 Ne5 15. Be2 Nxf3+ 16. Bxf3 Ng7 17. Qd2 Bd7 18. a5 Rab8 19. Na4 Bxa4 20. Rxa4 {½-½ (89) Potkin,V (2626)-Zhou,J (2668) Ningbo 2010}) 13. Nxe5 Qxe5 14. f4 Qd4+ {White is slightly better.} 15. Be3 Qb4 16. Qc2 Re8 $146 ({Predecessor:} 16... Nd7 17. a5 b5 18. axb6 Qxb6 19. Ra2 Re8 20. Kh2 {1-0 (38) Bratchenko,A (2400)-Veliev,G (2318) Cherepovets 2000}) 17. a5 Bd7 18. Bd2 {And now Ne2 would win.} Qd4+ 19. Be3 Qb4 20. Bd2 c4 21. Bf1 Nh5 (21... Rac8 $11 {keeps the balance.}) 22. Na4 ({White should play} 22. g4 $1 $16 {[%cal Rg4h5]} Nf6 23. Kh1) 22... Bxa4 $11 23. Rxa4 Qc5+ 24. Be3 Bd4 25. Bxd4 Qxd4+ 26. Qf2 Qxf2+ 27. Kxf2 Nxf4 28. Rxc4 Rac8 29. Rec1 Rxc4 30. Rxc4 $14 {[%mdl 4096] Endgame KRB-KRN} Kf8 31. Rb4 Re7 {[#]} 32. Rb6 (32. Kf3 $1 $16 {[%cal Rf3f4]} Nh5 33. g4) 32... Rd7 (32... Rxe4 $11 {and Black stays safe.} 33. Rxb7 Nxd5) 33. b4 (33. Ke3 $18 {and White stays clearly on top.} Nh5 34. b4) 33... Ke7 (33... f5 $16) 34. b5 axb5 $2 (34... Kf6 {is a better chance.}) 35. Bxb5 $18 Rc7 {[#]} 36. e5 $1 {[%mdl 512]} Rc2+ (36... dxe5 37. d6+) 37. Kf3 dxe5 38. d6+ $2 (38. Ke4 $18 {is more deadly.}) 38... Ke6 $16 {[#] Black wants to play ...Rc3+.} 39. d7+ $1 Ke7 40. Rxb7 {Strongly threatening Rb8.} Rc3+ 41. Kf2 {Hoping for Rb8.} Rc2+ 42. Ke3 (42. Ke1 $16 Ne6 43. d8=R+ Kxd8 44. a6 (44. Rxf7 Rc5 $11)) 42... Ne6 $2 {[%mdl 8192]} (42... f5 $11) 43. Rb8 $18 {Re8+ is the strong threat.White is clearly winning.} Nd8 44. a6 Ra2 45. Ke4 Ra5 {If Black can now play ...f5+ this consolidates a bit.} 46. Kd5 e4 47. Kxe4 {Accuracy: White = 49%, Black = 38%.} 1-0

[Event "Montebelluna Elite 2020"]
[Site "Montebelluna"]
[Date "2020.01.03"]
[Round "2.1"]
[White "Sonis, Francesco"]
[Black "Ter-Sahakyan, Samvel"]
[Result "1/2-1/2"]
[WhiteElo "2458"]
[BlackElo "2617"]
[Annotator "TA"]
[PlyCount "43"]
[EventDate "2020.01.02"]
[EventType "swiss"]
[EventCountry "ITA"]
[SourceTitle "playchess.com"]
[Source "ChessBase"]
[SourceQuality "1"]

{[%evp 13,43,0,0,0,0,0,0,5,20,0,0,-6,8,7,24,-16,-14,-36,-25,-8,-8,-18,-21,-21,-8,-19,0,0,0,-7,0,0]} 1. d4 Nf6 2. c4 e6 3. Nc3 Bb4 4. e3 O-O 5. Bd2 d5 6. Nf3 b6 7. Rc1 Bb7 8. cxd5 {E51: Nimzo-Indian: Rubinstein: 4...0-0 5 Nf3 d5} exd5 9. Bd3 Be7 10. O-O c5 11. Ne5 Nc6 12. Be1 (12. Ne2 Rc8 13. Ng3 cxd4 14. Nxc6 Rxc6 15. exd4 Rxc1 16. Bxc1 {1-0 (43) Fedoseev,V (2664)-Ganguly,S (2658) Khanty-Mansiysk 2019}) 12... a6 13. f4 Rc8 $146 ({Predecessor:} 13... cxd4 14. Ne2 Rc8 15. Nxc6 Rxc6 16. Rxc6 Bxc6 17. Nxd4 {½-½ (29) Liebhart,E (2341)-Jonsson,B ICCF email 2015}) 14. Ne2 Ne4 15. Nxc6 Rxc6 16. Bxe4 dxe4 {The position is equal.} 17. Bc3 a5 18. dxc5 Ba6 {[#] Hoping for ...Qxd1.} 19. Re1 Qxd1 20. Rcxd1 Bxc5 21. Nd4 Rc7 22. Nb3 {Accuracy: White = 56%, Black = 37%.} 1/2-1/2

[Event "Montebelluna Elite 2020"]
[Site "Montebelluna"]
[Date "2020.01.03"]
[Round "2.2"]
[White "Martinez Alcantara, Jose Eduardo"]
[Black "Raja Rithvik R"]
[Result "1-0"]
[WhiteElo "2606"]
[BlackElo "2412"]
[Annotator "RC"]
[PlyCount "75"]
[EventDate "2020.01.02"]
[EventType "swiss"]
[EventCountry "ITA"]
[SourceTitle "playchess.com"]
[Source "ChessBase"]
[SourceQuality "1"]
[TimeControl "5400+30"]

1. Nf3 {[%emt 0:00:00]} d5 {[%emt 0:00:35]} 2. g3 {[%emt 0:00:00]} Bg4 {[%emt 0:00:48]} 3. Bg2 {[%emt 0:00:00]} c6 {[%emt 0:00:05]} 4. c4 {[%emt 0:00:00]} e6 {[%emt 0:00:06]} 5. O-O {[%emt 0:00:22]} Nf6 {[%emt 0:00:23]} 6. Qb3 {[%emt 0:00:58]} Qb6 {[%emt 0:00:27]} 7. d3 {[%emt 0:00:29]} Nbd7 {[%emt 0:00:04]} 8. Qc2 {[%emt 0:02:06]} dxc4 {[%emt 0:05:33]} 9. Qxc4 {[%emt 0:00:37]} Bxf3 {[%emt 0:00:09]} 10. Bxf3 {[%emt 0:00:03]} Ne5 {[%emt 0:00:04]} 11. Qf4 {[%emt 0:00:25]} Nxf3+ {[%emt 0:01:14]} 12. Qxf3 {[%emt 0:00:02]} Be7 {[%emt 0:00:50]} 13. Nd2 {[%emt 0:00:06]} O-O {[%emt 0:01:27]} 14. Nc4 {[%emt 0:00:40]} Qd8 {[%emt 0:02:42]} 15. Bd2 {[%emt 0:01:32]} Nd5 {[%emt 0:03:34]} 16. a3 {[%emt 0:00:38]} c5 {[%emt 0:02:06]} 17. Rac1 {[%emt 0:10:39]} Rc8 {[%emt 0:05:22]} 18. Rfd1 {[%emt 0:02:56]} Qd7 {[%emt 0:08:19]} 19. h4 {[%emt 0:08:51]} Bf6 {[%emt 0:06:39]} 20. Rc2 {[%emt 0:06:00]} Ne7 {[%emt 0:03:22]} 21. Bc3 {[%emt 0:05:23]} Bxc3 {[%emt 0:01:49]} 22. bxc3 {[%emt 0:00:13]} Nc6 {[%emt 0:01:24]} 23. a4 {[%emt 0:00:52]} Na5 {[%emt 0:03:41]} 24. Nxa5 {[%emt 0:03:28]} Qxa4 {[%emt 0:00:06]} 25. Rcc1 {[%emt 0:00:15]} Qxa5 {[%emt 0:00:07]} 26. Qxb7 {[%emt 0:00:14]} Rb8 {[%emt 0:02:24]} 27. Qe4 {[%emt 0:00:25]} Rb2 {[%emt 0:01:25]} 28. Qe5 {[%emt 0:00:13]} Qb6 {[%emt 0:03:05]} 29. Ra1 {[%emt 0:02:57]} Rb8 {[%emt 0:08:42]} 30. Ra4 {[%emt 0:06:51]} f6 {[%emt 0:00:14]} 31. Qe3 {[%emt 0:00:56]} e5 {[%emt 0:04:23]} 32. Qe4 {[%emt 0:06:45]} Qb3 {[%emt 0:09:42]} 33. Rda1 {[%emt 0:07:02]} Qxc3 {[%emt 0:00:35]} 34. Qd5+ {[%emt 0:01:00]} Kh8 {[%emt 0:00:07]} 35. Rxa7 {[%emt 0:00:17]} h6 {[%emt 0:03:42]} 36. Kg2 {[%emt 0:09:29]} Qd4 {[%emt 0:04:44]} 37. Qf7 {[%emt 0:02:09]} Qg4 {[%emt 0:00:38]} 38. R1a4 {[%emt 0:00:40]} 1-0

[Event "Montebelluna Elite 2020"]
[Site "Montebelluna"]
[Date "2020.01.03"]
[Round "2.3"]
[White "Nikolovski, Nikola"]
[Black "Erigaisi Arjun"]
[Result "0-1"]
[WhiteElo "2442"]
[BlackElo "2575"]
[Annotator "RC"]
[PlyCount "69"]
[EventDate "2020.01.02"]
[EventType "swiss"]
[EventCountry "ITA"]
[SourceTitle "playchess.com"]
[Source "ChessBase"]
[SourceQuality "1"]
[TimeControl "5400+30"]

1. e4 {[%emt 0:09:29]} c6 {[%emt 0:01:28]} 2. Nc3 {[%emt 0:03:05]} d5 {[%emt 0:00:09]} 3. Qf3 {[%emt 0:00:07]} e5 {[%emt 0:00:42]} 4. exd5 {[%emt 0:08:46]} Nf6 {[%emt 0:00:06]} 5. dxc6 {[%emt 0:00:58]} Nxc6 {[%emt 0:02:51]} 6. Bb5 {[%emt 0:00:40]} Bd7 {[%emt 0:09:47]} 7. d3 {[%emt 0:02:39]} a6 {[%emt 0:03:51]} 8. Bxc6 {[%emt 0:08:49]} Bxc6 {[%emt 0:00:08]} 9. Qh3 {[%emt 0:03:49]} Nd5 {[%emt 0:23:52]} 10. Bd2 {[%emt 0:10:59]} Qb6 {[%emt 0:04:06]} 11. O-O-O {[%emt 0:06:38]} Bb4 {[%emt 0:00:16]} 12. Nxd5 {[%emt 0:10:45]} Bxd5 {[%emt 0:00:23]} 13. Qg4 {[%emt 0:04:25]} Bxd2+ {[%emt 0:11:31]} 14. Rxd2 {[%emt 0:00:07]} O-O {[%emt 0:00:05]} 15. Nf3 {[%emt 0:05:27]} Bxa2 {[%emt 0:00:36]} 16. b3 {[%emt 0:04:32]} Rac8 {[%emt 0:00:26]} 17. Kd1 {[%emt 0:04:39]} e4 {[%emt 0:15:28]} 18. dxe4 {[%emt 0:07:30]} Bxb3 {[%emt 0:00:47]} 19. cxb3 {[%emt 0:01:42]} Qxb3+ {[%emt 0:00:23]} 20. Ke2 {[%emt 0:00:06]} f5 {[%emt 0:00:09]} 21. Qh4 {[%emt 0:02:34]} Qb5+ {[%emt 0:10:51]} 22. Ke1 {[%emt 0:00:29]} Rc1+ {[%emt 0:01:15]} 23. Rd1 {[%emt 0:00:06]} Rxd1+ {[%emt 0:00:22]} 24. Kxd1 {[%emt 0:00:06]} Qb1+ {[%emt 0:00:05]} 25. Ke2 {[%emt 0:00:38]} Qxh1 {[%emt 0:00:07]} 26. Ng5 {[%emt 0:02:53]} h6 {[%emt 0:00:18]} 27. Ne6 {[%emt 0:00:16]} Rc8 {[%emt 0:00:28]} 28. Nd4 {[%emt 0:01:00]} Qxg2 {[%emt 0:01:13]} 29. Nxf5 {[%emt 0:00:13]} Rc2+ {[%emt 0:00:16]} 30. Kd3 {[%emt 0:00:06]} Rxf2 {[%emt 0:00:08]} 31. Qe7 {[%emt 0:01:02]} Rf3+ {[%emt 0:01:59]} 32. Kd4 {[%emt 0:00:23]} Qf2+ {[%emt 0:00:51]} 33. Kd5 {[%emt 0:00:45]} Rxf5+ {[%emt 0:00:23]} 34. exf5 {[%emt 0:00:12]} Qxf5+ {[%emt 0:00:06]} 35. Kd4 {[%emt 0:01:35]} 0-1

[Event "Montebelluna Elite 2020"]
[Site "Montebelluna"]
[Date "2020.01.03"]
[Round "2.5"]
[White "Delchev, Aleksander"]
[Black "Yurtseven, Melih"]
[Result "1/2-1/2"]
[WhiteElo "2550"]
[BlackElo "2385"]
[Annotator "RC"]
[PlyCount "46"]
[EventDate "2020.01.02"]
[EventType "swiss"]
[EventCountry "ITA"]
[SourceTitle "playchess.com"]
[Source "ChessBase"]
[SourceQuality "1"]
[TimeControl "5400+30"]

1. d4 {[%emt 0:06:20]} e6 {[%emt 0:14:58]} 2. e4 {[%emt 0:00:48]} d5 {[%emt 0:00:13]} 3. Nd2 {[%emt 0:00:10]} c5 {[%emt 0:00:07]} 4. Ngf3 {[%emt 0:00:07]} cxd4 {[%emt 0:00:09]} 5. Nxd4 {[%emt 0:00:39]} Nc6 {[%emt 0:00:07]} 6. Bb5 {[%emt 0:00:33]} Bd7 {[%emt 0:00:08]} 7. Nxc6 {[%emt 0:00:05]} bxc6 {[%emt 0:00:08]} 8. Bd3 {[%emt 0:00:14]} Bd6 {[%emt 0:00:08]} 9. O-O {[%emt 0:01:02]} Ne7 {[%emt 0:12:06]} 10. Nf3 {[%emt 0:07:41]} e5 {[%emt 0:07:16]} 11. c4 {[%emt 0:05:06]} d4 {[%emt 0:02:15]} 12. c5 {[%emt 0:00:05]} Bc7 {[%emt 0:00:02]} 13. Bc4 {[%emt 0:18:57]} h6 {[%emt 0:10:01]} 14. Nh4 {[%emt 0:03:48]} Qc8 {[%emt 0:00:14]} 15. f4 {[%emt 0:03:09]} Be6 {[%emt 0:06:17]} 16. Bxe6 {[%emt 0:02:20]} Qxe6 {[%emt 0:00:05]} 17. f5 {[%emt 0:00:07]} Qc4 {[%emt 0:08:21]} 18. f6 {[%emt 0:00:04]} gxf6 {[%emt 0:00:06]} 19. Rxf6 {[%emt 0:00:17]} d3 {[%emt 0:15:38]} 20. Qf3 {[%emt 0:13:16]} Ng8 {[%emt 0:01:05]} 21. Rf5 {[%emt 0:08:11]} Ne7 {[%emt 0:00:23]} 22. Rf6 {[%emt 0:03:46]} Ng8 {[%emt 0:00:21]} 23. Rf5 {[%emt 0:02:02]} Ne7 {[%emt 0:00:18]} 1/2-1/2

[Event "Montebelluna Elite 2020"]
[Site "Montebelluna"]
[Date "2020.01.03"]
[Round "2.6"]
[White "Radovanovic, Mihajlo"]
[Black "Ozenir, Ekin Baris"]
[Result "1/2-1/2"]
[WhiteElo "2485"]
[BlackElo "2285"]
[Annotator "TA"]
[PlyCount "110"]
[EventDate "2020.01.02"]
[EventType "swiss"]
[EventCountry "ITA"]
[SourceTitle "playchess.com"]
[Source "ChessBase"]
[SourceQuality "1"]

{[%evp 10,110,27,32,20,27,30,30,41,40,46,47,50,49,35,47,35,54,41,29,24,0,0,0,0,-6,24,0,16,11,15,20,41,63,66,65,72,61,84,80,109,115,106,114,107,114,114,101,127,126,126,116,116,116,121,114,114,114,121,85,78,0,0,0,0,0,0,0,0,0,0,0,0,0,0,-5057,0,0,0,0,0,0,0,0,0,0,0,0,0,0,0,0,0,0,0,0,0,0,0,0,0,0,0]} 1. Nf3 Nf6 2. c4 b6 3. g3 Bb7 4. Bg2 g6 5. O-O Bg7 6. d4 e6 {A50: Queen's Fianchetto Defence (1 d4 Nf6 2 c4 b6)} (6... O-O 7. Re1 c5 8. d5 b5 9. e4 bxc4 10. Nfd2 d6 11. Nxc4 Nbd7 12. Bd2 Ba6 13. Nba3 Nb6 14. b3 Nfd7 {1-0 (53) Oparin,G (2654)-Ipatov,A (2637) Columbia 2019}) 7. Bf4 O-O 8. Qc1 d5 $146 {White has an edge.} ({Predecessor:} 8... Re8 9. Nc3 d6 10. Bg5 Qc8 11. Re1 Ne4 12. Nxe4 Bxe4 13. Qf4 f5 14. Bh6 {½-½ (32) Miralles,G (2407)-Atlas,V (2455) Switzerland 2018}) 9. cxd5 Nxd5 10. Bh6 Nd7 11. Bxg7 Kxg7 12. e4 N5f6 13. e5 $1 {[%cal Re5f6]} Nd5 14. Nc3 c5 15. Nxd5 Bxd5 16. Qf4 Rc8 17. Rfd1 f6 (17... Qe7 {is interesting.} 18. Rac1 Bxa2 19. Ra1 Bd5 20. Rxa7 Ra8) 18. dxc5 Rxc5 19. Nd4 {aiming for Bxd5.} fxe5 {[#]} 20. Bxd5 $1 {[%mdl 512]} exf4 (20... Rxd5 21. Nxe6+) 21. Nxe6+ {[%mdl 64] Double Attack} Kf6 22. Nxd8 Rxd8 23. Bb3 Ke7 24. Re1+ Re5 25. gxf4 Rxe1+ 26. Rxe1+ $16 {[%mdl 4096] Endgame KRB-KRN} Kf8 27. Rd1 Ke7 28. Ba4 Nf6 29. Rxd8 Kxd8 {KB-KN} 30. Kg2 Ke7 31. Kf3 Kd6 32. Bc2 Ke6 33. h4 Ne8 34. Bb3+ Kf6 {[#]} 35. Bc4 (35. Ke4 $1 $16) 35... Nd6 $11 36. Bd3 (36. Ba6 {is more complex.} Nf5 37. Kg4 h5+ 38. Kh3 Ne7 39. Kg3) 36... Nf5 37. Bxf5 (37. h5 {looks sharper.} gxh5 38. Kg2 a5 39. Kh2 Kg6 40. a3) 37... Kxf5 {KP-KP} 38. Kg3 b5 39. Kf3 b4 40. Kg3 a5 41. Kf3 a4 42. Kg3 $2 {[%mdl 8192]} (42. Ke3 $11) 42... b3 $2 (42... Ke4 $19 43. h5 Kd3) 43. axb3 {The position is equal.} axb3 44. Kf3 h5 45. Ke3 Kg4 46. Ke4 Kxh4 47. f5 gxf5+ 48. Kxf5 {KPP-KPP} Kh3 {Threatens to win with ...Kg2.} 49. f4 Kg3 50. Ke5 $1 h4 {And now ...h3 would win.} 51. f5 h3 52. f6 {Black must now prevent f7.} h2 53. f7 h1=Q {( -> ...Qh8+)} 54. f8=Q {Hoping for Qf4+.} Qe1+ 55. Kd4 Qd2+ {Accuracy: White = 80%, Black = 73%.} 1/2-1/2

[Event "Montebelluna Elite 2020"]
[Site "Montebelluna"]
[Date "2020.01.03"]
[Round "2.7"]
[White "Sankalp Gupta"]
[Black "Barseghyan, Harutyun"]
[Result "1/2-1/2"]
[WhiteElo "2400"]
[BlackElo "2459"]
[Annotator "TA"]
[PlyCount "49"]
[EventDate "2020.01.02"]
[EventType "swiss"]
[EventCountry "ITA"]
[SourceTitle "playchess.com"]
[Source "ChessBase"]
[SourceQuality "1"]

{[%evp 14,49,0,-30,0,0,0,0,0,-3,10,0,24,0,43,2,22,-22,-20,-71,-62,-40,-43,-62,-64,-69,-85,-76,-73,-76,-89,-70,-52,-68,-54,-131,-137,-137]} 1. e4 e5 2. Nf3 Nc6 3. d4 exd4 4. Nxd4 Nf6 5. Nxc6 bxc6 6. e5 Qe7 7. Qe2 Nd5 8. h4 (8. c4 $5 {[%cal Rc4d5]} Nb6 9. Nc3 $11) 8... d6 {C45: Scotch Game} (8... a5 9. c4 Ba6 10. b3 f6 11. exf6 Nxf6 12. Nc3 O-O-O 13. Bb2 Qd6 14. Rh3 Re8 15. Re3 Rxe3 16. Qxe3 {½-½ (28) Swiercz,D (2648)-Melkumyan,H (2653) Saint Louis 2019}) 9. c4 Nb6 10. exd6 cxd6 {The position is equal.} 11. Be3 Be6 12. Qc2 Qb7 13. Nd2 d5 $146 ({Predecessor:} 13... Be7 14. O-O-O d5 15. Nb3 O-O 16. c5 {0-1 (39) Van Perlo,G-Steinsapir,Y ICCF corr 1987}) 14. h5 h6 15. c5 Nd7 16. f4 (16. Qc3 $11) 16... Bg4 $17 17. Qc3 Nf6 18. Bd4 Be7 19. Be2 Bxe2 20. Kxe2 O-O 21. Rae1 Rae8 {...Bxc5+ is the strong threat.} 22. Kd1 Bd8 23. Be5 Qd7 24. Qh3 {[#]} ({White should play} 24. Kc1 $15) 24... Ng4 $1 {[%cal Rg4f2] White must now prevent ...Nf2+.} 25. Kc1 {Accuracy: White = 63%, Black = 50%.} 1/2-1/2

[Event "Montebelluna Elite 2020"]
[Site "Montebelluna"]
[Date "2020.01.03"]
[Round "2.9"]
[White "Can, Isik"]
[Black "Demidov, Mikhail"]
[Result "1-0"]
[WhiteElo "2374"]
[BlackElo "2552"]
[Annotator "TA"]
[PlyCount "71"]
[EventDate "2020.01.02"]
[EventType "swiss"]
[EventCountry "ITA"]
[SourceTitle "playchess.com"]
[Source "ChessBase"]
[SourceQuality "1"]

{[%evp 9,71,50,65,73,80,80,84,77,75,76,85,74,113,117,116,109,98,101,106,110,110,108,112,102,138,143,265,264,254,254,244,254,386,377,377,377,367,365,365,373,364,381,447,429,406,328,503,454,645,639,609,617,558,595,628,659,573,390,495,482,820,797,952,880]} 1. e4 g6 2. d4 Bg7 3. Nc3 a6 4. f4 d5 (4... b5 5. Nf3 Bb7 6. Bd3 d6 7. O-O Nd7 8. e5 e6 9. Be4 Bxe4 10. Nxe4 d5 11. Nf2 c5 12. c3 Ne7 13. Be3 Rc8 14. a4 Nf5 15. Qe2 O-O 16. axb5 axb5 {1-0 (56) Anand,V (2756)-Nepomniachtchi,I (2774) Amsterdam 2019}) 5. e5 h5 6. Be3 {B06: Modern Defence} Nh6 7. h3 $146 ({Predecessor:} 7. Qd2 Nc6 8. Nf3 Bg4 9. Be2 e6 10. Ng5 Bf8 11. Bxg4 hxg4 12. h3 {0-1 (33) De Seroux,C (2160)-Ibanez Aullana,J (2283) Skopje 2019}) 7... Bf5 8. Be2 {White is better.} Qd7 9. Qd2 Nc6 10. Nf3 Be4 11. Nxe4 dxe4 12. Nh4 e6 13. g4 hxg4 14. hxg4 O-O-O {[%cal Rc6d4]} 15. O-O-O Ng8 16. c3 Nge7 17. Qc2 f5 (17... Nd5 $16 18. Qxe4 Nxe3 19. Qxe3 Ne7) 18. exf6 $1 $18 Bxf6 19. g5 Bg7 20. Qxe4 Qd5 (20... Nf5 $142) 21. Qxd5 Nxd5 22. Bd2 Nce7 23. Bg4 Rd6 24. c4 Rc6 25. Kb1 Nb6 26. d5 Rxc4 27. Bxe6+ Kb8 {[#]} (27... Kd8 $142 28. d6 cxd6 29. Bxc4 Nxc4) 28. d6 $1 {[%mdl 512]} Ned5 (28... cxd6 $142 29. Bxc4 Nxc4) 29. Nxg6 Rxh1 30. Rxh1 cxd6 31. f5 Re4 32. Rf1 Re2 33. Bxd5 {[#] Threatens to win with f6.} Nxd5 34. Bc1 {White is clearly winning.} Kc7 (34... Rg2 $142 35. Rd1 Nb4 36. Rxd6 Kc7) 35. f6 Re6 36. Nf4 {Accuracy: White = 91%, Black = 52%.} 1-0

[Event "Montebelluna Elite 2020"]
[Site "Montebelluna"]
[Date "2020.01.03"]
[Round "2.10"]
[White "Damia, Angelo"]
[Black "Zanan, Evgeny"]
[Result "1/2-1/2"]
[WhiteElo "2262"]
[BlackElo "2503"]
[Annotator "TA"]
[PlyCount "137"]
[EventDate "2020.01.02"]
[EventType "swiss"]
[EventCountry "ITA"]
[SourceTitle "playchess.com"]
[Source "ChessBase"]
[SourceQuality "1"]

{[%evp 15,137,-15,-13,-19,-16,-32,-21,-27,-23,-74,-61,-86,-79,-89,-20,-73,-61,-62,-65,-73,-60,-54,-54,-54,-55,-61,-58,-52,-54,-54,-53,-54,-59,-58,-51,-73,-72,-92,-70,-72,-69,-87,-94,-87,-94,-94,-79,-93,-79,-100,-81,-110,-110,-101,-104,-92,-89,-107,-107,-107,-107,-107,-107,-107,-107,-114,-91,-91,-83,-138,-121,-121,-119,-128,-55,-125,-77,-77,-77,-74,-74,-80,-80,-67,-67,-80,-25,-103,-80,-83,-8,-33,0,-95,-8,-8,-8,-8,-8,-8,-8,-8,-8,-8,-8,-8,-8,-8,-8,-8,-8,-8,-8,-8,-8,-8,-8,-8,-8,-8,-8,-8,-8,-8]} 1. e4 e5 2. Nf3 Nc6 3. Bc4 Bc5 4. b4 Bxb4 5. c3 Ba5 6. d4 d6 7. Qb3 Qd7 8. dxe5 Bb6 9. exd6 {C52: Evans Gambit Accepted: 5 c3 Ba5} (9. a4 Na5 10. Qa2 Nxc4 11. Qxc4 Ne7 12. Ba3 O-O 13. O-O Re8 14. exd6 cxd6 15. Rd1 Qc6 16. Nbd2 Be6 17. Qxc6 Nxc6 18. Bxd6 {0-1 (30) Nisipeanu,L (2654)-Caruana,F (2805) Dortmund 2015}) 9... Na5 10. Qb5 Nxc4 11. Qxc4 Qxd6 12. Ba3 (12. a4 $11 {remains equal.}) 12... Be6 $17 13. Bxd6 $146 ({Predecessor:} 13. Qe2 Qd7 14. O-O O-O-O 15. Rc1 Qa4 16. Nd4 Nf6 {½-½ (82) Wan,Y (2497)-Aleksandrov,A (2607) Chennai 2013}) 13... Bxc4 14. Nbd2 Be6 (14... Ba6 $17 15. Bf4 Nf6) 15. Be5 (15. Bg3 $11 {keeps the balance.}) 15... f6 $1 {[%cal Rf6e5]} 16. Bd4 Ne7 17. Nb3 O-O-O 18. O-O-O Nc6 19. Bxb6 axb6 20. Nfd4 Bf7 21. Nxc6 bxc6 22. Rxd8+ Rxd8 $15 {[%mdl 4096] Endgame KRB-KRN} 23. Rd1 Re8 24. f3 c5 25. Kc2 Be6 26. Rd2 Kb7 27. Kb2 Kc6 28. Na1 f5 29. exf5 Bxf5 30. Nc2 b5 31. a3 g6 32. Kc1 Kb6 33. Kb2 h5 34. h4 c6 35. Kc1 c4 36. Rd6 Kc7 37. Rd2 c5 38. Rd5 Kc6 39. Rd2 Bd3 40. g4 Be2 41. gxh5 gxh5 42. f4 (42. Ne1 $142) 42... Bg4 43. Rf2 Bf5 44. Rg2 Kb6 (44... Re7 $17 45. Rg5 Bd3) 45. Kd2 (45. Rg3 $15) 45... Rd8+ 46. Kc1 Rd3 47. Rg5 Bg4 48. Rg6+ Ka5 49. Rg5 Rxc3 {White must now prevent ...Kb6.} 50. Rxc5 Ka4 (50... Rd3 $1 $17) 51. Kb2 (51. f5 $11) 51... Rb3+ $17 52. Kc1 {[#]} Rh3 (52... Rd3 $1 $17 53. Re5 Rh3) 53. Kb2 Rb3+ ({Resist} 53... Rxh4 54. f5 $17) (53... Rh2 $15 54. Rc7 Ka5) 54. Kc1 $1 {[#]} Rf3 (54... Rd3 $1 $17 {Hoping for ...Kb3.} 55. Re5 Rf3) 55. Kb2 $1 $11 {The position is equal.} Rxf4 56. Rc6 $1 {[%cal Rc6a6]} Ka5 57. Nb4 $1 {[%csl Gb4][%cal Rc6a6]} Rf2+ 58. Kc3 $1 {[%csl Gb4][%cal Rc6a6]} Rf3+ 59. Kb2 {[%csl Gb4][%cal Rc6a6]} Rb3+ 60. Ka2 {[%csl Gb4][%cal Rc6a6]} Rxb4 $1 61. axb4+ Kxb4 {Threatens to win with ...Kc3. KR-KB} 62. Kb2 Be2 63. Re6 Bd3 64. Re5 c3+ 65. Kc1 Kc4 {Strongly threatening ...b4.} 66. Rxh5 b4 {[%cal Bb5b4,Bb4b3][%mdl 32]} 67. Rh8 b3 {( -> ...b2+)} 68. Rb8 Bg6 69. Rb7 {Accuracy: White = 59%, Black = 66%.} 1/2-1/2